|
|
|
|
| LEADER |
00000cam a2200000 i 4500 |
| 003 |
Ucuenca |
| 005 |
20230308162910.0 |
| 006 |
a||||fr|||| 001 0 |
| 007 |
ta |
| 008 |
000000s1971 sp aaaa|r|||||||1|||spa a |
| 040 |
|
|
|b spa
|a UCuenca-cdrjbv
|c UCuenca
|e rda
|
| 041 |
1 |
|
|a spa
|
| 082 |
0 |
|
|2 21
|a 543.2
|c 74713
|
| 100 |
1 |
|
|a Henneberg, W.
|9 37519
|e autor
|
| 240 |
1 |
|
|a Gundriss der milchwirtschaftlinchen mikrobiologie
|
| 245 |
|
|
|a Elementos de microbiología lactológica /
|c W. Henneberg; Karl J. Demeter; H. Elbertzhagen, traductor, Joaquin Camón Urgel
|
| 250 |
|
|
|a Sexta edición.
|
| 264 |
|
1 |
|a Zaragoza:
|b Acribia,
|c 1971.
|
| 300 |
|
|
|a viii, 150 páginas:
|b ilu
|
| 336 |
|
|
|2 rdacontent
|a texto
|b txt
|
| 337 |
|
|
|2 rdamedia
|a no mediado
|b n
|
| 338 |
|
|
|2 rdacarrier
|a volumen
|b nc
|
| 650 |
1 |
7 |
|2 UCuenca-cdrjbv
|a Química
|9 12795
|
| 650 |
1 |
7 |
|2 UCuenca-cdrjbv
|a Bioquímica
|9 12766
|
| 650 |
1 |
7 |
|2 UCuenca-cdrjbv
|a Análisis químico
|9 13428
|
| 651 |
|
|
|2 UCuenca-cdrjbv
|
| 700 |
1 |
7 |
|9 222245
|a Elbertzhagen, H.
|e autor
|
| 700 |
1 |
|
|9 37517
|a Demeter, Karl J.
|
| 700 |
1 |
|
|9 266129
|a Camón Urgel, Joaquín.
|e traductor
|
| 852 |
|
|
|a UC-CDJBV
|
| 942 |
|
|
|c BK
|2 ddc
|z ivan.verdugo@ucuenca.edu.ec
|r teodoro.astudillo@ucuenca.edu.ec
|
| 999 |
|
|
|c 19751
|d 19751
|